000 01091nam a2200325 i 4500
003 DO-SdBNP
005 20250410133019.0
007 ta
008 240701s2023 dr c 000 0 spa d
020 _a9789945223255
040 _aDO-SdBNP
_bspa
_cBNPHU
_erda
041 _aspa
082 4 _aRD861.508
_bA634v
_222
245 0 0 _aAntología voces eternas :
_bAcademia de Comunidad Poética /
_ccuidado de edición, Adrián R. Morales G. ; prólogo, Leibi Ng.
250 _aSegunda convocatoria
264 1 _aSanto Domingo :
_bEditora Búho,
_c2023.
300 _a138 páginas ;
_c23 cm.
336 _2rdacontent
_atexto
_btxt
337 _2rdamedia
_asin mediación
_bn
338 _2rdacarrier
_avolumen
_bnc
490 0 _aComunidad poética
590 _aInventariado, 2024/ YL
650 4 _aPoesía dominicana
_vColecciones
650 4 _aLiteratura dominicana
_vColecciones
_97123
650 4 _aPoesía dominicana
_xAntología
_985913
700 1 _aMorales G., Adrián R.
_eeditor
_4ed.
_985914
700 1 _aNg, Leibi
_eprologuista
_4pr.
_985783
910 _aYL
942 _2ddc
_cLBS1
999 _c57100
_d57100